[Event "blitzwomeanteam"]
[Site "?"]
[Date "2016.10.07"]
[Round "4.7"]
[White "Gritsayeva, Oksana"]
[Black "Tomilova, Elena"]
[Result "1/2-1/2"]
[LiveChessVersion "1.4.4"]
[BlackElo "2223"]
[WhiteElo "2284"]

1. e4 {[%clk 0:03:03]} e6 {[%clk 0:03:03]} 2. d4 {[%clk 0:03:04]} d5
{[%clk 0:03:05]} 3. Nd2 {[%clk 0:03:05]} c5 {[%clk 0:03:06]} 4. Ngf3
{[%clk 0:03:06]} cxd4 {[%clk 0:03:01]} 5. exd5 {[%clk 0:03:04]} Qxd5
{[%clk 0:03:02]} 6. Bc4 {[%clk 0:02:59]} Qd6 {[%clk 0:03:03]} 7. O-O
{[%clk 0:02:54]} Nf6 {[%clk 0:03:04]} 8. Nb3 {[%clk 0:02:54]} a6 {[%clk 0:03:03]}
9. Nbxd4 {[%clk 0:02:49]} Nc6 {[%clk 0:02:56]} 10. Nxc6 {[%clk 0:02:43]} Qxc6
{[%clk 0:02:56]} 11. Qe2 {[%clk 0:02:36]} Qc7 {[%clk 0:02:39]} 12. Bg5
{[%clk 0:02:32]} Bd6 {[%clk 0:02:32]} 13. Rad1 {[%clk 0:02:24]} b5
{[%clk 0:02:14]} 14. Bb3 {[%clk 0:02:19]} O-O {[%clk 0:01:46]} 15. h3
{[%clk 0:02:06]} Bb7 {[%clk 0:01:42]} 16. c3 {[%clk 0:01:54]} Nd5
{[%clk 0:01:30]} 17. Nd4 {[%clk 0:01:43]} Nf4 {[%clk 0:01:26]} 18. Bxf4
{[%clk 0:01:43]} Bxf4 {[%clk 0:01:27]} 19. Qg4 {[%clk 0:01:35]} Bh2+
{[%clk 0:01:18]} 20. Kh1 {[%clk 0:01:36]} Be5 {[%clk 0:01:19]} 21. Rfe1
{[%clk 0:01:32]} Bf6 {[%clk 0:01:15]} 22. Bc2 {[%clk 0:01:24]} Rad8
{[%clk 0:01:11]} 23. Nf3 {[%clk 0:01:00]} g6 {[%clk 0:01:06]} 24. Be4
{[%clk 0:00:58]} Bxe4 {[%clk 0:01:00]} 25. Qxe4 {[%clk 0:00:59]} Qc4
{[%clk 0:00:54]} 26. Qxc4 {[%clk 0:00:51]} bxc4 {[%clk 0:00:55]} 27. Kg1
{[%clk 0:00:47]} Rb8 28. Rd2 {[%clk 0:00:43]} Rfd8 {[%clk 0:00:46]} 29. Red1
{[%clk 0:00:41]} Rxd2 {[%clk 0:00:42]} 30. Rxd2 {[%clk 0:00:42]} h5
{[%clk 0:00:34]} 31. Kf1 {[%clk 0:00:43]} Kf8 {[%clk 0:00:35]} 32. Ke2
{[%clk 0:00:44]} Ke7 {[%clk 0:00:37]} 33. Kd1 {[%clk 0:00:38]} g5
{[%clk 0:00:36]} 34. Kc2 {[%clk 0:00:36]} g4 {[%clk 0:00:36]} 35. hxg4
{[%clk 0:00:36]} hxg4 {[%clk 0:00:38]} 36. Nd4 {[%clk 0:00:37]} Rc8
{[%clk 0:00:34]} 1/2-1/2

[Event "blitzwomeanteam"]
[Site "?"]
[Date "2016.10.07"]
[Round "4.8"]
[White "Baraeva, Marina"]
[Black "Potapova, Margarita"]
[Result "1/2-1/2"]
[LiveChessVersion "1.4.4"]
[BlackElo "1965"]
[WhiteElo "2170"]

1. d4 {[%clk 0:03:04]} Nf6 2. c4 c5 {[%clk 0:03:05]} 3. Nf3 {[%clk 0:03:09]} cxd4
{[%clk 0:03:04]} 4. Nxd4 {[%clk 0:03:10]} e5 {[%clk 0:03:04]} 5. Nb5
{[%clk 0:03:11]} d5 {[%clk 0:03:05]} 6. cxd5 {[%clk 0:03:12]} Bc5
{[%clk 0:03:02]} 7. N5c3 {[%clk 0:03:13]} Bf5 {[%clk 0:02:48]} 8. e3
{[%clk 0:02:51]} O-O {[%clk 0:02:45]} 9. Be2 {[%clk 0:02:50]} Nbd7
{[%clk 0:02:42]} 10. O-O {[%clk 0:02:50]} e4 {[%clk 0:02:40]} 11. a3
{[%clk 0:02:35]} Ne5 {[%clk 0:02:40]} 12. Nd2 {[%clk 0:02:14]} Re8
{[%clk 0:02:17]} 13. Nc4 {[%clk 0:02:10]} Nd3 {[%clk 0:02:06]} 14. b4
{[%clk 0:01:54]} Bf8 {[%clk 0:02:00]} 15. Bxd3 {[%clk 0:01:52]} exd3
{[%clk 0:02:00]} 16. f3 {[%clk 0:01:49]} Rc8 {[%clk 0:02:00]} 17. e4
{[%clk 0:01:31]} Rxc4 {[%clk 0:01:59]} 18. Qxd3 {[%clk 0:01:32]} Qc8
{[%clk 0:01:51]} 19. Nb5 {[%clk 0:01:29]} Bd7 {[%clk 0:01:41]} 20. Nxa7
{[%clk 0:01:30]} Qc7 {[%clk 0:01:41]} 21. Be3 {[%clk 0:01:04]} Rc3
{[%clk 0:01:37]} 22. Qd2 {[%clk 0:01:00]} Rc2 {[%clk 0:01:26]} 23. Qd3
{[%clk 0:00:56]} Qc4 {[%clk 0:01:15]} 24. Qxc4 {[%clk 0:00:47]} Rxc4
{[%clk 0:01:16]} 25. Rac1 {[%clk 0:00:47]} Rxc1 {[%clk 0:01:17]} 26. Rxc1
{[%clk 0:00:48]} Nxd5 {[%clk 0:01:17]} 27. Bf2 {[%clk 0:00:40]} Nf4
{[%clk 0:01:18]} 28. Rc7 {[%clk 0:00:39]} Be6 {[%clk 0:01:01]} 29. Rxb7
{[%clk 0:00:36]} Ne2+ {[%clk 0:00:55]} 30. Kf1 {[%clk 0:00:34]} Bc4
{[%clk 0:00:53]} 31. Ke1 {[%clk 0:00:35]} Nf4 {[%clk 0:00:52]} 32. Bg3
{[%clk 0:00:29]} Nd3+ {[%clk 0:00:48]} 33. Kd2 {[%clk 0:00:30]} g6
{[%clk 0:00:23]} 34. Kc3 {[%clk 0:00:25]} Ba6 {[%clk 0:00:23]} 35. Rb6
{[%clk 0:00:23]} Bg7+ {[%clk 0:00:24]} 36. Kc2 {[%clk 0:00:21]} Bc4
{[%clk 0:00:22]} 37. Rb8 {[%clk 0:00:14]} Rxb8 {[%clk 0:00:21]} 38. Bxb8
{[%clk 0:00:15]} Bd4 {[%clk 0:00:22]} 39. Nc6 {[%clk 0:00:15]} Bg1
{[%clk 0:00:22]} 40. Na5 {[%clk 0:00:13]} Bb5 {[%clk 0:00:22]} 41. a4
{[%clk 0:00:12]} Nxb4+ {[%clk 0:00:21]} 42. Kb3 {[%clk 0:00:14]} Nc6
{[%clk 0:00:17]} 43. axb5 {[%clk 0:00:08]} Nxa5+ {[%clk 0:00:18]} 44. Kb4
{[%clk 0:00:09]} Nb7 {[%clk 0:00:18]} 45. Bg3 {[%clk 0:00:10]} Kf8
{[%clk 0:00:18]} 46. Kc4 {[%clk 0:00:11]} Ke7 {[%clk 0:00:19]} 47. Kd5
{[%clk 0:00:13]} Kd7 {[%clk 0:00:19]} 48. Ke5 {[%clk 0:00:13]} Ke7
{[%clk 0:00:19]} 49. Bh4+ {[%clk 0:00:14]} Kd7 {[%clk 0:00:19]} 50. Kf6
{[%clk 0:00:15]} Nd6 {[%clk 0:00:19]} 51. Bg3 {[%clk 0:00:17]} Nxb5 52. Kxf7
{[%clk 0:00:18]} Nd6+ {[%clk 0:00:13]} 53. Kg7 {[%clk 0:00:17]} h5
{[%clk 0:00:10]} 54. Kxg6 {[%clk 0:00:18]} h4 {[%clk 0:00:10]} 55. Bxh4
{[%clk 0:00:19]} Bxh2 {[%clk 0:00:11]} 56. Bf6 {[%clk 0:00:19]} Ke6
{[%clk 0:00:11]} 57. g4 {[%clk 0:00:17]} Ne8 {[%clk 0:00:11]} 58. Bh8
{[%clk 0:00:17]} Bf4 {[%clk 0:00:11]} 59. g5 {[%clk 0:00:17]} Nd6
{[%clk 0:00:13]} 60. Bf6 {[%clk 0:00:18]} Nf7 {[%clk 0:00:13]} 61. Kg7
{[%clk 0:00:18]} Nxg5 {[%clk 0:00:13]} 62. Bxg5 {[%clk 0:00:17]} Bxg5
{[%clk 0:00:14]} 63. Kg6 {[%clk 0:00:19]} Bf4 {[%clk 0:00:15]} 64. Kh5
{[%clk 0:00:20]} Ke5 65. Kg4 Bh2 66. Kh3 Bf4 {[%clk 0:00:18]} 67. Kg4
{[%clk 0:00:25]} Bh2 68. Kh3 Bf4 {[%clk 0:00:20]} 1/2-1/2

[Event "blitzwomeanteam"]
[Site "?"]
[Date "2016.10.07"]
[Round "4.9"]
[White "Kovalevskaya, Ekaterina"]
[Black "Pogonina, Natalija"]
[Result "1/2-1/2"]
[LiveChessVersion "1.4.4"]
[BlackElo "2402"]
[WhiteElo "2282"]

1. e4 {[%clk 0:03:03]} e5 {[%clk 0:03:03]} 2. Nf3 {[%clk 0:03:04]} Nc6
{[%clk 0:03:04]} 3. Nc3 {[%clk 0:03:05]} Nf6 {[%clk 0:03:04]} 4. d4
{[%clk 0:03:05]} exd4 {[%clk 0:03:05]} 5. Nxd4 {[%clk 0:03:05]} Bb4
{[%clk 0:03:04]} 6. Nxc6 {[%clk 0:03:04]} bxc6 {[%clk 0:03:05]} 7. Bd3
{[%clk 0:03:03]} d5 {[%clk 0:03:04]} 8. exd5 {[%clk 0:03:04]} O-O
{[%clk 0:03:05]} 9. O-O {[%clk 0:02:59]} cxd5 {[%clk 0:03:05]} 10. Bg5
{[%clk 0:03:00]} c6 {[%clk 0:03:05]} 11. Qf3 {[%clk 0:03:00]} Bd6
{[%clk 0:03:04]} 12. h3 {[%clk 0:02:59]} Rb8 {[%clk 0:03:01]} 13. b3
{[%clk 0:02:38]} Be5 {[%clk 0:02:39]} 14. Bf4 {[%clk 0:02:37]} Qd6
{[%clk 0:02:07]} 15. Bxe5 {[%clk 4:10:54]} Qxe5 {[%clk 0:02:08]} 16. Rae1
{[%clk 0:02:23]} Qd6 {[%clk 0:02:04]} 17. Ne2 {[%clk 0:02:16]} c5
{[%clk 0:01:57]} 18. Ng3 {[%clk 0:02:09]} Be6 {[%clk 0:01:50]} 19. Nh5
{[%clk 0:01:22]} Nxh5 {[%clk 0:01:45]} 20. Qxh5 {[%clk 0:01:22]} h6
{[%clk 0:01:35]} 21. Qe5 {[%clk 0:01:19]} Rfd8 {[%clk 0:01:23]} 22. Bf5
{[%clk 0:01:12]} Bxf5 {[%clk 0:00:54]} 23. Qxf5 {[%clk 0:01:13]} Re8
{[%clk 0:00:54]} 24. Qd3 {[%clk 0:01:10]} d4 {[%clk 0:00:48]} 25. Re2
{[%clk 0:01:03]} Rxe2 {[%clk 0:00:35]} 26. Qxe2 {[%clk 0:01:03]} Qb6
{[%clk 0:00:35]} 27. Re1 {[%clk 0:00:57]} Qa5 {[%clk 0:00:35]} 28. a4
{[%clk 0:00:43]} Qc3 {[%clk 0:00:36]} 29. Qe5 {[%clk 0:00:33]} Rf8
{[%clk 0:00:29]} 30. Re2 {[%clk 0:00:28]} a5 {[%clk 0:00:28]} 31. Qe4
{[%clk 0:00:26]} Rd8 {[%clk 0:00:26]} 32. Qe7 {[%clk 0:00:26]} Rf8
{[%clk 0:00:25]} 33. Qe4 {[%clk 0:00:26]} Rd8 {[%clk 0:00:20]} 34. Qe7
{[%clk 0:00:27]} Rf8 {[%clk 0:00:21]} 35. Qe4 {[%clk 0:00:28]} Rd8
{[%clk 0:00:16]} 36. Qe7 {[%clk 0:00:29]} 1/2-1/2

[Event "blitzwomeanteam"]
[Site "?"]
[Date "2016.10.07"]
[Round "4.10"]
[White "Mkrtchian, Lilit"]
[Black "Pustovoitova, Daria"]
[Result "0-1"]
[LiveChessVersion "1.4.4"]
[BlackElo "2405"]
[WhiteElo "2374"]

1. Nf3 {[%clk 0:03:03]} d5 {[%clk 0:03:01]} 2. g3 {[%clk 0:03:04]} c6
{[%clk 0:02:59]} 3. Bg2 {[%clk 0:03:05]} Bg4 {[%clk 0:03:00]} 4. c4
{[%clk 0:03:05]} Nf6 {[%clk 0:02:47]} 5. cxd5 {[%clk 0:02:42]} cxd5
{[%clk 0:02:46]} 6. Ne5 {[%clk 0:02:42]} Bd7 {[%clk 0:02:26]} 7. Nc3
{[%clk 0:02:11]} e6 {[%clk 0:02:27]} 8. Qb3 {[%clk 0:02:07]} Bd6 {[%clk 0:02:02]}
9. Nxd7 {[%clk 0:02:04]} Qxd7 {[%clk 0:02:03]} 10. d3 {[%clk 0:01:59]} Nc6
{[%clk 0:02:00]} 11. Nb5 {[%clk 0:01:57]} Bb4+ {[%clk 0:01:58]} 12. Kf1
{[%clk 0:01:56]} a6 {[%clk 0:01:53]} 13. Nc3 {[%clk 0:01:57]} O-O
{[%clk 0:01:49]} 14. Bg5 {[%clk 0:01:58]} Be7 {[%clk 0:01:44]} 15. Bd2
{[%clk 0:01:23]} b5 {[%clk 0:01:39]} 16. Qd1 {[%clk 0:01:18]} Rac8
{[%clk 0:01:38]} 17. h3 {[%clk 0:01:10]} Rc7 {[%clk 0:01:35]} 18. Kg1
{[%clk 0:01:10]} Rfc8 {[%clk 0:01:34]} 19. Kh2 {[%clk 0:01:12]} h6
{[%clk 0:01:08]} 20. a3 {[%clk 0:01:13]} Bd6 {[%clk 0:00:57]} 21. Rc1
{[%clk 0:01:09]} Be5 {[%clk 0:00:56]} 22. f4 {[%clk 0:01:06]} Bxc3
{[%clk 0:00:40]} 23. bxc3 {[%clk 0:01:00]} Nd8 {[%clk 0:00:25]} 24. Rf1
{[%clk 0:00:59]} Nb7 {[%clk 0:00:25]} 25. Rb1 {[%clk 0:00:52]} Nc5
{[%clk 0:00:26]} 26. Qe1 {[%clk 0:00:38]} Na4 {[%clk 0:00:27]} 27. Rc1
{[%clk 0:00:40]} Qd6 {[%clk 0:00:26]} 28. f5 {[%clk 0:00:36]} e5 {[%clk 0:00:21]}
29. g4 {[%clk 0:00:36]} Qxa3 {[%clk 0:00:21]} 30. Qh4 {[%clk 0:00:34]} Qd6
{[%clk 0:00:16]} 31. g5 {[%clk 0:00:33]} hxg5 {[%clk 0:00:17]} 32. Bxg5
{[%clk 0:00:34]} Rxc3 {[%clk 0:00:16]} 33. Rxc3 {[%clk 0:00:31]} Rxc3
{[%clk 0:00:17]} 34. Rg1 {[%clk 0:00:29]} Rc2 {[%clk 0:00:14]} 35. Bf3
{[%clk 0:00:28]} e4+ {[%clk 0:00:15]} 36. Bf4 {[%clk 0:00:29]} Qb6
{[%clk 0:00:14]} 37. Qg3 {[%clk 0:00:17]} Ne8 {[%clk 0:00:13]} 38. dxe4
{[%clk 0:00:16]} dxe4 {[%clk 0:00:14]} 39. Bh5 {[%clk 0:00:13]} Nc3
{[%clk 0:00:08]} 40. Rg2 {[%clk 0:00:13]} Nd5 {[%clk 0:00:07]} 41. Be5
{[%clk 0:00:14]} Ndf6 {[%clk 0:00:08]} 42. Qh4 {[%clk 0:00:10]} Kf8
{[%clk 0:00:08]} 43. Bg4 {[%clk 0:00:10]} Ke7 {[%clk 0:00:08]} 44. Qg3
{[%clk 0:00:09]} b4 {[%clk 0:00:08]} 45. Qh4 {[%clk 0:00:06]} b3 {[%clk 0:00:09]}
46. Bh5 {[%clk 0:00:05]} b2 {[%clk 0:00:10]} 47. Bxb2 {[%clk 0:00:03]} Rxb2
{[%clk 0:00:10]} 48. Bg4 {[%clk 0:00:03]} a5 {[%clk 0:00:10]} 49. Rg1
{[%clk 0:00:04]} a4 {[%clk 0:00:10]} 50. Rc1 {[%clk 0:00:04]} a3 {[%clk 0:00:11]}
51. Qg3 a2 {[%clk 0:00:10]} 52. Qa3+ {[%clk 0:00:06]} Qb4 {[%clk 0:00:08]} 53.
Qa7+ {[%clk 0:00:06]} Kf8 {[%clk 0:00:09]} 54. Qa8 {[%clk 0:00:05]} Qd6+
{[%clk 0:00:08]} 55. Kg2 {[%clk 0:00:06]} Rb1 {[%clk 0:00:09]} 56. Rxb1
{[%clk 0:00:03]} axb1=Q {[%clk 0:00:09]} 0-1

[Event "blitzwomeanteam"]
[Site "?"]
[Date "2016.10.07"]
[Round "4.11"]
[White "Nechaeva, Marina"]
[Black "Vasilevich, Irina"]
[Result "0-1"]
[LiveChessVersion "1.4.4"]
[BlackElo "2165"]
[WhiteElo "2351"]

1. b3 {[%clk 0:03:03]} d5 {[%clk 0:03:03]} 2. Bb2 {[%clk 0:03:04]} c5
{[%clk 0:03:03]} 3. e3 {[%clk 0:03:05]} Nc6 {[%clk 0:03:04]} 4. Bb5
{[%clk 0:03:06]} Bd7 {[%clk 0:03:04]} 5. f4 {[%clk 0:03:04]} a6 {[%clk 0:03:03]}
6. Be2 {[%clk 0:02:58]} Bf5 {[%clk 0:03:01]} 7. Nf3 {[%clk 0:02:57]} e6
{[%clk 0:03:00]} 8. O-O {[%clk 0:02:52]} h6 {[%clk 0:03:00]} 9. Ne5
{[%clk 0:02:50]} Rc8 {[%clk 0:02:53]} 10. a4 {[%clk 0:02:43]} Nf6
{[%clk 0:02:52]} 11. Nxc6 {[%clk 0:02:37]} Rxc6 {[%clk 0:02:53]} 12. Bf3
{[%clk 0:02:32]} Be7 {[%clk 0:02:50]} 13. d3 {[%clk 0:02:24]} O-O
{[%clk 0:02:48]} 14. Nd2 {[%clk 0:02:24]} b5 {[%clk 0:02:45]} 15. axb5
{[%clk 0:02:23]} axb5 {[%clk 0:02:45]} 16. e4 dxe4 17. dxe4 {[%clk 0:02:18]} Rd6
{[%clk 0:02:43]} 18. exf5 {[%clk 0:01:57]} Rxd2 {[%clk 0:02:44]} 19. Qc1
{[%clk 0:01:52]} exf5 {[%clk 0:02:41]} 20. Ra8 {[%clk 0:01:44]} Qd7
{[%clk 0:02:12]} 21. Bc6 {[%clk 0:01:20]} Qd6 {[%clk 0:01:51]} 22. Be5
{[%clk 0:01:14]} Qxc6 {[%clk 0:01:51]} 23. Rxf8+ {[%clk 0:01:15]} Kxf8
{[%clk 0:01:51]} 24. Qxd2 {[%clk 0:01:15]} Ne4 {[%clk 0:01:51]} 25. Qa5
{[%clk 0:01:13]} f6 {[%clk 0:01:50]} 26. Bb2 {[%clk 0:00:51]} c4 {[%clk 0:01:49]}
27. Bd4 {[%clk 0:00:44]} Qd5 {[%clk 0:01:47]} 28. Qb6 {[%clk 0:00:34]} cxb3
{[%clk 0:01:45]} 29. cxb3 {[%clk 0:00:35]} Qxb3 {[%clk 0:01:42]} 30. Ra1
{[%clk 0:00:30]} Kg8 {[%clk 0:01:32]} 31. h3 {[%clk 0:00:28]} Bd6
{[%clk 0:01:27]} 32. Qd8+ {[%clk 0:00:15]} Kh7 {[%clk 0:01:28]} 33. Bxf6
{[%clk 0:00:05]} Bc5+ {[%clk 0:01:26]} 34. Kh2 {[%clk 0:00:06]} Qg3+
{[%clk 0:01:25]} 35. Kh1 {[%clk 0:00:07]} Nf2+ 36. Kg1 Nxh3+ {[%clk 0:01:16]} 37.
Kh1 {[%clk 0:00:10]} Nf2+ {[%clk 0:00:55]} 38. Kg1 {[%clk 0:00:11]} Ne4+
{[%clk 0:00:47]} 39. Kh1 {[%clk 0:00:13]} Nxf6 {[%clk 0:00:44]} 0-1

[Event "blitzwomeanteam"]
[Site "?"]
[Date "2016.10.07"]
[Round "4.12"]
[White "Kovanova, Baira"]
[Black "Severina, Maria"]
[Result "1-0"]
[LiveChessVersion "1.4.4"]
[BlackElo "2266"]
[WhiteElo "2282"]

1. Nf3 {[%clk 0:03:03]} Nf6 {[%clk 0:03:03]} 2. g3 {[%clk 0:02:59]} b6
{[%clk 0:03:04]} 3. Bg2 {[%clk 0:03:00]} Bb7 {[%clk 0:03:05]} 4. d3
{[%clk 0:02:59]} e6 {[%clk 0:02:46]} 5. e4 {[%clk 0:02:44]} d5 {[%clk 0:02:47]}
6. e5 {[%clk 0:02:44]} Nfd7 {[%clk 0:02:44]} 7. O-O {[%clk 0:02:44]} Be7
{[%clk 0:02:37]} 8. Qe2 {[%clk 0:02:39]} c5 {[%clk 0:02:36]} 9. Re1
{[%clk 0:02:35]} Nc6 {[%clk 0:02:37]} 10. c4 {[%clk 0:02:08]} d4 {[%clk 0:02:20]}
11. a3 {[%clk 0:01:31]} a5 {[%clk 0:02:12]} 12. a4 {[%clk 0:01:24]} O-O
{[%clk 0:01:55]} 13. Na3 {[%clk 0:01:25]} Na7 {[%clk 0:01:29]} 14. h4
{[%clk 0:01:20]} Qc7 {[%clk 0:01:27]} 15. Bf4 {[%clk 0:01:20]} Bc6
{[%clk 0:01:23]} 16. Nb5 {[%clk 0:01:09]} Nxb5 {[%clk 0:01:23]} 17. axb5
{[%clk 0:01:09]} Bb7 {[%clk 0:01:24]} 18. Nd2 {[%clk 0:00:56]} Bxg2
{[%clk 0:01:21]} 19. Kxg2 {[%clk 0:00:57]} Rae8 {[%clk 0:01:13]} 20. Qg4
{[%clk 0:00:55]} Qb7+ {[%clk 0:01:09]} 21. Ne4 {[%clk 0:00:28]} Kh8
{[%clk 0:01:04]} 22. Kg1 {[%clk 0:00:27]} Qc8 {[%clk 0:00:58]} 23. Re2
{[%clk 0:00:24]} Rg8 {[%clk 0:00:43]} 24. Ng5 {[%clk 0:00:18]} Bxg5
{[%clk 0:00:43]} 25. hxg5 {[%clk 0:00:17]} Nf8 {[%clk 0:00:41]} 26. Bd2
{[%clk 0:00:16]} Ng6 {[%clk 0:00:39]} 27. f4 {[%clk 0:00:17]} Qd8
{[%clk 0:00:31]} 28. Rh2 {[%clk 0:00:18]} Nf8 {[%clk 0:00:19]} 29. Kf2
{[%clk 0:00:19]} f6 {[%clk 0:00:16]} 30. Rah1 {[%clk 0:00:13]} fxg5 31. Rxh7+
{[%clk 0:00:09]} Nxh7 {[%clk 0:00:13]} 32. Rxh7+ {[%clk 0:00:09]} 1-0

[Event "blitzwomeanteam"]
[Site "?"]
[Date "2016.10.07"]
[Round "5.1"]
[White "Kovalevskaya, Ekaterina"]
[Black "Galliamova, Alisa"]
[Result "1/2-1/2"]
[LiveChessVersion "1.4.4"]
[BlackElo "2403"]
[WhiteElo "2282"]

1. Nf3 {[%clk 0:03:02]} d5 {[%clk 0:03:03]} 2. g3 {[%clk 0:03:03]} c6
{[%clk 0:03:05]} 3. Bg2 {[%clk 0:03:03]} Bf5 {[%clk 0:03:06]} 4. O-O
{[%clk 0:02:57]} Nf6 {[%clk 0:03:03]} 5. d3 {[%clk 0:02:52]} e6 {[%clk 0:03:01]}
6. Nbd2 {[%clk 0:02:52]} Be7 {[%clk 0:02:56]} 7. b3 {[%clk 0:02:46]} O-O
{[%clk 0:02:55]} 8. Bb2 {[%clk 0:02:48]} h6 {[%clk 0:02:56]} 9. Re1
{[%clk 0:02:44]} Bh7 {[%clk 0:02:52]} 10. e4 {[%clk 0:02:42]} c5 {[%clk 0:02:50]}
11. Ne5 {[%clk 0:02:33]} Nbd7 {[%clk 0:02:35]} 12. f4 {[%clk 0:02:03]} dxe4
{[%clk 0:02:27]} 13. Nxd7 {[%clk 0:01:41]} Qxd7 {[%clk 0:02:24]} 14. Nxe4
{[%clk 0:01:41]} Nxe4 {[%clk 0:01:44]} 15. dxe4 {[%clk 0:01:21]} Rfd8
{[%clk 0:01:42]} 16. Qxd7 {[%clk 0:00:56]} Rxd7 {[%clk 0:01:43]} 17. Rad1
{[%clk 0:00:56]} Rad8 {[%clk 0:01:44]} 18. Rxd7 {[%clk 0:00:52]} Rxd7
{[%clk 0:01:45]} 19. Kf1 {[%clk 0:00:47]} Rd2 {[%clk 0:01:39]} 20. Re2
{[%clk 0:00:48]} Rd1+ {[%clk 0:01:40]} 21. Re1 {[%clk 0:00:49]} Rd7
{[%clk 0:01:30]} 22. Ke2 {[%clk 0:00:47]} Bg6 {[%clk 0:01:31]} 23. Bf3
{[%clk 0:00:45]} f5 {[%clk 0:00:36]} 24. e5 {[%clk 0:00:42]} Be8 {[%clk 0:00:37]}
25. Rd1 {[%clk 0:00:40]} Rxd1 {[%clk 0:00:36]} 26. Kxd1 {[%clk 0:00:40]} 1/2-1/2

[Event "blitzwomeanteam"]
[Site "?"]
[Date "2016.10.07"]
[Round "5.2"]
[White "Ambartsumova, Karina"]
[Black "Pustovoitova, Daria"]
[Result "1-0"]
[LiveChessVersion "1.4.4"]
[BlackElo "2405"]
[WhiteElo "2293"]

1. Nf3 {[%clk 0:03:00]} Nf6 2. g3 d5 {[%clk 0:02:59]} 3. Bg2 {[%clk 0:03:04]} Bg4
{[%clk 0:02:54]} 4. O-O {[%clk 0:03:03]} c5 {[%clk 0:02:44]} 5. d3
{[%clk 0:03:04]} Nc6 {[%clk 0:02:45]} 6. Nbd2 {[%clk 0:02:59]} e6
{[%clk 0:02:45]} 7. h3 {[%clk 0:03:00]} Bh5 {[%clk 0:02:46]} 8. Re1
{[%clk 0:02:48]} Be7 {[%clk 0:02:43]} 9. e4 {[%clk 0:02:45]} dxe4
{[%clk 0:02:36]} 10. dxe4 {[%clk 0:02:45]} O-O {[%clk 0:02:35]} 11. c3
{[%clk 0:02:32]} Qc7 {[%clk 0:02:16]} 12. Qe2 {[%clk 0:02:32]} Rfd8
{[%clk 0:02:14]} 13. Nf1 {[%clk 0:02:12]} Bxf3 {[%clk 0:02:10]} 14. Bxf3
{[%clk 0:02:07]} Ne5 {[%clk 0:02:11]} 15. Bg2 {[%clk 0:02:05]} Nd3
{[%clk 0:02:12]} 16. Rd1 {[%clk 0:02:03]} c4 {[%clk 0:02:13]} 17. Ne3
{[%clk 0:01:39]} Bc5 {[%clk 0:01:42]} 18. b3 {[%clk 0:01:28]} b5 {[%clk 0:01:43]}
19. a4 {[%clk 0:01:23]} a6 {[%clk 0:01:44]} 20. axb5 {[%clk 0:01:16]} axb5
{[%clk 0:01:45]} 21. Rxa8 {[%clk 0:01:17]} Rxa8 {[%clk 0:01:46]} 22. e5
{[%clk 0:01:18]} Nd5 {[%clk 0:01:44]} 23. Nxd5 {[%clk 0:01:12]} exd5
{[%clk 0:01:37]} 24. Bxd5 {[%clk 0:01:10]} Nxf2 {[%clk 0:01:21]} 25. Rf1
{[%clk 0:00:38]} cxb3 {[%clk 0:00:48]} 26. Bxa8 {[%clk 0:00:36]} Nd3+
{[%clk 0:00:27]} 27. Kg2 {[%clk 0:00:33]} Nxc1 {[%clk 0:00:23]} 28. Rxc1
{[%clk 0:00:34]} Qa7 {[%clk 0:00:20]} 29. Bd5 {[%clk 0:00:33]} Qa3
{[%clk 0:00:19]} 30. Rf1 {[%clk 0:00:31]} b2 {[%clk 0:00:16]} 31. Qxb5
{[%clk 0:00:30]} h6 {[%clk 0:00:13]} 32. Bxf7+ {[%clk 0:00:30]} Kh7
{[%clk 0:00:12]} 33. Qd3+ {[%clk 0:00:30]} Kh8 {[%clk 0:00:13]} 34. Qd8+
{[%clk 0:00:24]} Kh7 {[%clk 0:00:14]} 35. Qg8# {[%clk 0:00:24]} 1-0

[Event "blitzwomeanteam"]
[Site "?"]
[Date "2016.10.07"]
[Round "5.3"]
[White "Vasilevich, Irina"]
[Black "Nebolsina, Vera"]
[Result "1-0"]
[LiveChessVersion "1.4.4"]
[BlackElo "2226"]
[WhiteElo "2165"]

1. c4 {[%clk 0:03:03]} e5 {[%clk 0:03:00]} 2. Nc3 {[%clk 0:03:02]} Nc6
{[%clk 0:02:58]} 3. g3 {[%clk 0:03:03]} Bc5 {[%clk 0:02:51]} 4. Bg2
{[%clk 0:03:02]} d6 {[%clk 0:02:50]} 5. a3 {[%clk 0:03:03]} a5 {[%clk 0:02:50]}
6. e3 {[%clk 0:03:03]} Nge7 {[%clk 0:02:50]} 7. Nge2 {[%clk 0:03:03]} O-O
{[%clk 0:02:47]} 8. O-O {[%clk 0:03:03]} Ba7 {[%clk 0:02:45]} 9. Rb1
{[%clk 0:02:53]} Be6 {[%clk 0:02:32]} 10. Nd5 {[%clk 0:02:53]} Qd7
{[%clk 0:02:19]} 11. Nec3 {[%clk 0:02:06]} Nd8 {[%clk 0:01:58]} 12. Nxe7+
{[%clk 0:01:51]} Qxe7 {[%clk 0:01:58]} 13. d3 {[%clk 0:01:50]} c6
{[%clk 0:01:54]} 14. b4 {[%clk 0:01:46]} axb4 {[%clk 0:01:45]} 15. axb4
{[%clk 0:01:47]} f5 {[%clk 0:01:44]} 16. b5 {[%clk 0:01:44]} g5 {[%clk 0:01:23]}
17. bxc6 {[%clk 0:01:33]} bxc6 {[%clk 0:01:24]} 18. Re1 {[%clk 0:01:16]} Qg7
{[%clk 0:01:10]} 19. Ba3 {[%clk 0:01:11]} Qd7 {[%clk 0:01:03]} 20. Qh5
{[%clk 0:00:56]} Nf7 {[%clk 0:00:58]} 21. Bb2 {[%clk 0:00:26]} Rfb8
{[%clk 0:00:58]} 22. Ba1 {[%clk 0:00:24]} d5 {[%clk 0:00:42]} 23. cxd5
{[%clk 0:00:24]} cxd5 {[%clk 0:00:43]} 24. Rxb8+ {[%clk 0:00:18]} Rxb8
{[%clk 0:00:44]} 25. Qd1 {[%clk 0:00:14]} h6 {[%clk 0:00:32]} 26. Ne2
{[%clk 0:00:14]} Kh7 {[%clk 0:00:31]} 27. Qc2 {[%clk 0:00:10]} Rc8
{[%clk 0:00:30]} 28. Qb2 {[%clk 0:00:09]} Rb8 {[%clk 0:00:31]} 29. Qc2
{[%clk 0:00:10]} Rc8 {[%clk 0:00:32]} 30. Qb2 {[%clk 0:00:11]} Rb8
{[%clk 0:00:31]} 31. Qc2 {[%clk 0:00:12]} Rc8 {[%clk 0:00:26]} 32. Qd2
{[%clk 0:00:13]} Bb6 {[%clk 0:00:25]} 33. Rb1 {[%clk 0:00:14]} Qa7
{[%clk 0:00:24]} 34. Qb2 {[%clk 0:00:15]} Bc5 {[%clk 0:00:13]} 35. Qb7
{[%clk 0:00:15]} Qxb7 {[%clk 0:00:10]} 36. Rxb7 {[%clk 0:00:16]} Ra8
{[%clk 0:00:11]} 37. Bxe5 {[%clk 0:00:16]} Kg6 {[%clk 0:00:09]} 38. Bd4
{[%clk 0:00:17]} Bxd4 {[%clk 0:00:08]} 39. Nxd4 {[%clk 0:00:19]} Ra1+
{[%clk 0:00:09]} 40. Bf1 {[%clk 0:00:20]} Bc8 {[%clk 0:00:10]} 41. Rb6+ Kh7
{[%clk 0:00:10]} 42. Rc6 {[%clk 0:00:19]} Bd7 {[%clk 0:00:08]} 43. Rc7 Ne5
{[%clk 0:00:09]} 44. f4 {[%clk 0:00:20]} gxf4 {[%clk 0:00:06]} 45. gxf4
{[%clk 0:00:20]} 1-0